[Event "Elitserien Allsvenskan 2019-20"]
[Site "Lund"]
[Date "2020.01.31"]
[Round "6.6"]
[White "Hogeman, Joel"]
[Black "Kucuksari, Kaan"]
[Result "1/2-1/2"]
[WhiteElo "2175"]
[BlackElo "2308"]
[Annotator "TA"]
[PlyCount "187"]
[EventDate "2019.10.18"]
[EventType "team-tourn"]
[EventCountry "SWE"]
[SourceTitle "playchess.com"]
[Source "ChessBase"]
[SourceQuality "1"]

{[%evp 14,187,54,45,41,40,40,39,67,50,55,47,47,47,47,38,52,52,58,58,48,46,45,0,18,0,12,0,62,44,90,81,112,75,167,155,158,155,204,252,725,726,773,250,250,245,242,248,247,242,302,177,225,158,149,85,79,16,76,80,289,287,290,280,289,286,291,289,285,285,287,271,311,311,309,307,307,307,293,283,285,284,289,289,289,197,289,289,282,197,282,282,275,222,275,275,275,244,232,164,234,221,228,227,209,107,107,53,53,53,53,53,53,53,53,53,53,53,53,53,53,53,53,53,53,53,53,53,53,53,53,53,53,53,53,53,53,53,53,53,53,53,53,0,53,53,53,53,53,0,53,53,53,53,53,53,53,53,53,0,53,0,53,53,53,0,53,0,53,0,60,60,60,60,68,68]} 1. e4 c5 2. Nf3 e6 3. d4 cxd4 4. Nxd4 a6 5. Bd3 Bc5 6. Nb3 Be7 7. Qg4 g6 8. Qe2 d6 {B42: Sicilian: Kan Variation: 5 Bd3} 9. O-O Nd7 10. a4 {[%cal Ba2a4,Ba4a5][%mdl 32] is cutting edge theory.} b6 11. Na3 {[%cal Bb1a3,Ba3c2,Bc2b4][%mdl 32]} Qc7 12. a5 b5 13. c4 b4 $1 {[%cal Rb4a3]} 14. Nc2 {[#]} Ngf6 $146 ({Predecessor:} 14... Rb8 15. Bd2 Nc5 16. Nxc5 dxc5 17. f4 Nf6 18. f5 Nd7 19. fxe6 fxe6 20. Bh6 Ne5 {1-0 (65) Kovchan,A (2576)-Tissir,M (2359) Dubai 2015}) 15. Nxb4 Rb8 16. Bd2 O-O 17. Nd4 Bb7 18. f3 d5 $1 19. cxd5 Bc5 20. Be3 Bxb4 (20... exd5 $11 21. Nxa6 Bxa6 22. Bxa6 Rb4) 21. dxe6 $14 Ne5 22. Bxa6 Bxa6 23. Qxa6 Qc4 (23... Bc5 $16 {was worth a try.}) 24. exf7+ $18 Kxf7 25. Qa7+ Kg8 26. Rfc1 Ra8 $2 (26... Qf7 27. Qxf7+ Rxf7) 27. Rxc4 Nxc4 28. Nc6 $2 (28. Qb7 Rab8 29. Qc6 Nxe3 30. a6) 28... Rxa7 29. Bxa7 Bd6 30. Bd4 Nd7 31. b4 Nb8 32. Na7 (32. Nxb8 $142 Rxb8 33. a6) 32... Nd2 33. Bc3 Bf4 34. Nb5 ({White should play} 34. Kh1) 34... Na6 $16 35. Rd1 (35. Kh1 $16) 35... Rd8 {[#]} (35... Nc4 $11 {keeps the balance.}) 36. Kh1 $1 $36 {[%mdl 2048] Strongly threatening g3. Black is under strong pressure.} Rb8 $2 (36... Rd3 $16) 37. Nd4 $18 {Black must now prevent Nc6.} ({Not} 37. Bxd2 Bxd2 38. Rxd2 Rxb5 $11) 37... Nxb4 38. Bxd2 Bxd2 39. Rxd2 {[%mdl 4096] Endgame KRN-KRN} Nc6 {( -> ...Rb1+)} 40. Kg1 Nxa5 41. Ne6 Rb7 42. h3 h6 43. Nf4 Nc4 44. Ra2 Kf7 45. h4 g5 46. hxg5 hxg5 47. Ne2 Kf6 48. Kf2 Rb6 49. Ra8 Ne5 (49... Rb2 $142 50. Rf8+ Kg6) 50. Rf8+ Kg6 51. Rd8 Rb3 (51... Rb2 $142 52. g3 Kf6 53. Rf8+ Ke6) 52. Rd6+ Kf7 53. Rd2 Kf6 54. Nd4 Ra3 55. Nf5 g4 {[%cal Rg4f3]} 56. Ne3 gxf3 (56... g3+ $142 57. Ke2 (57. Kxg3 Rxe3 58. Kf4 Rd3 $11) 57... Ng6) 57. gxf3 Nd3+ 58. Kg3 Nc5 59. Rd6+ (59. Ng4+ $18 Ke6 60. Nf2) 59... Kf7 $16 {[#]} 60. Kf2 ({Better is} 60. Kf4 $1 $16) 60... Ra2+ 61. Ke1 {Hoping for e5.} Nxe4 62. fxe4 $14 {KRN-KR} Ra4 63. Kf2 Rxe4 64. Kf3 Ra4 65. Nd5 Rd4 66. Ke3 Ra4 67. Nf4 Ke7 68. Rb6 Kd7 69. Ne2 Kc7 70. Rf6 Kd7 71. Nd4 Ke7 72. Re6+ Kd7 73. Rg6 Ke7 74. Ke4 Kf7 75. Rc6 Ke7 76. Rb6 Ra1 77. Nf5+ Kd7 78. Nd4 Ke7 $1 79. Kf5 Re1 80. Nf3 Re2 81. Nd4 Re1 $1 82. Ne6 Rf1+ 83. Nf4 Re1 84. Nd3 Re2 85. Rb7+ Kd6 86. Rb6+ Ke7 $1 87. Rb7+ Kd6 $1 88. Kf6 Re6+ 89. Kf5 {White wants to mate with Rb6+.} Re2 $1 90. Rb6+ Ke7 $1 91. Nf4 Re1 $1 92. Ng6+ {White is slightly better.} Kd7 93. Ne5+ Kc7 94. Rc6+ {Accuracy: White = 78%, Black = 74%.} 1/2-1/2

[Event "Elitserien Allsvenskan 2019-20"]
[Site "Lund"]
[Date "2020.01.31"]
[Round "6.7"]
[White "Jogstad, Martin"]
[Black "Eklund, Joel"]
[Result "1/2-1/2"]
[WhiteElo "2302"]
[BlackElo "2216"]
[Annotator "TA"]
[PlyCount "205"]
[EventDate "2019.10.18"]
[EventType "team-tourn"]
[EventCountry "SWE"]
[SourceTitle "playchess.com"]
[Source "ChessBase"]
[SourceQuality "1"]

{[%evp 18,205,27,30,43,23,40,40,30,20,77,91,93,49,47,49,58,40,48,16,9,0,0,0,0,0,0,-39,0,-18,-27,-21,-41,-183,-185,-203,-196,-191,-173,-322,-175,-162,-139,-514,-359,-29975,-29971,-29990,-473,-352,0,0,0,0,0,0,0,0,0,0,0,-31,0,-70,0,0,0,-332,-305,-604,-551,-685,-560,-238,-547,-495,-439,-206,-64,-90,-109,-93,0,0,0,0,0,0,0,0,0,0,0,0,0,0,0,0,0,0,0,0,61,61,61,61,61,61,61,61,64,56,56,56,1693,1683,1616,1564,1306,1085,812,494,761,625,5564,5476,5476,5454,5129,5113,2999,3418,1141,632,613,552,552,552,552,552,576,39,39,39,39,39,39,39,39,39,40,40,40,39,39,39,39,39,39,39,47,47,47,47,47,47,47,47,47,47,47,47,47,47,47,47,47,47,47,47,47,47,47,47,47,47,47,0,0,0]} 1. d4 Nf6 2. c4 e6 3. Nf3 c5 4. g3 b6 5. Bg2 Bb7 6. d5 exd5 7. Nh4 g6 8. Nc3 Bg7 9. O-O O-O 10. Bg5 h6 {E16: Queen's Indian: 4 g3 Bb7 5 Bg2 Bb4+} 11. Nxd5 {[#]} hxg5 $146 ({Predecessor:} 11... Bxd5 12. Bxf6 Qxf6 13. Qxd5 Nc6 14. Qxd7 Rac8 15. Rad1 Nd4 16. e3 Rcd8 17. Qxa7 Ne2+ 18. Kh1 Rxd1 19. Rxd1 Qxb2 {0-1 (52) Kucuksari,K (2322)-Nielsen,A (2211) Stockholm 2019}) 12. Nxf6+ Qxf6 {White is slightly better.} 13. Bxb7 gxh4 (13... Nc6 $1 $11 14. Bxa8 (14. Qxd7 $2 Ne5 $19 {[%mdl 64] Double Attack}) 14... Rxa8) 14. Bxa8 $16 Qxb2 15. Qa4 Qxe2 16. Rae1 Qd3 17. Rd1 Qc3 18. Rc1 Qd3 19. Bd5 Nc6 20. Bxc6 dxc6 21. Qxc6 Bd4 22. Kg2 Qe2 23. a4 Kg7 24. Rce1 Qxc4 25. Re7 {[#]} ({Better is} 25. gxh4 $15 Rh8 26. Re4) 25... h3+ $1 $19 {[%mdl 512]} 26. Kg1 (26. Kxh3 Qxf1+) 26... Rd8 $1 27. Qf3 a6 {[%cal Ba7a6,Ba6b5,Bb5b4][%mdl 32]} 28. Rfe1 (28. g4 $142) 28... b5 (28... Rd6 $142 29. Qe2 Qb3) 29. axb5 axb5 30. Qb7 $2 {[%mdl 8192]} (30. g4 $17 {is tougher.}) 30... b4 31. Rxf7+ $2 (31. Qf3 $19 Rd6 32. Qe2 Qxe2 33. R7xe2) 31... Qxf7 32. Re7 Rf8 (32... Bxf2+ $142 33. Kf1 Rd1+ 34. Ke2 Re1+ 35. Kd2 Rxe7 36. Qxe7 Qxe7 37. Kd3 Qe6 38. g4 Qb3+ 39. Kd2 Qc4 40. Kd1 b3 41. g5 Qc2#) 33. Kf1 Qxe7 $2 (33... Bxf2 $19 {( -> ...Bd4+)} 34. Rxf7+ Rxf7) 34. Qxe7+ {[%mdl 4096] Endgame [#] KQ-KRB} Rf7 $1 35. Qe6 $1 Rxf2+ 36. Ke1 Rf7 37. Kd2 Rb7 38. Qd5 Re7 39. Kc2 (39. Qd6 $5 {[%cal Rd6e7]} Rf7 40. Qe6 $17) 39... Re2+ {[%mdl 64] Double Attack} 40. Kd3 Rxh2 ({Black should try} 40... Re3+ $1 $15 41. Kc4 Kh6) 41. Qd7+ $11 Kh6 42. Qc8 $2 {[%mdl 8192]} (42. Qg4 $1 $11 {and White has nothing to worry.}) 42... Kg5 $19 43. Qe6 $2 (43. Qd8+ Kg4 44. Qh4+ Kf3 45. Qf4+ Kg2 46. Kc4) 43... Rf2 $1 44. Qxh3 {[#]} b3 $1 {[%cal Rb3b2]} 45. Qh4+ Kf5 46. Qh3+ Kf6 47. Qh8+ {[#]} Kf7 (47... Ke6 $1 $19 48. Qg8+ Kf5 49. Qf7+ Kg5) 48. Qh7+ $1 $15 Bg7 {And now ...Rf1 would win.} 49. Qh1 Kg8 (49... b2 $17 {Strongly threatening ...Rg2!} 50. Qb7+ Ke6 51. Qb6+ Kf5 52. Qxc5+ Kg4 53. Qc8+ Kxg3 54. Qb8+ Kh3 55. Qc8+ Kg3 56. Qb8+ Kg2) 50. Qd5+ $11 Kh7 {aiming for ...Rf1.} 51. Qh1+ Kg8 {Threatens to win with ...Bd4.} 52. Qd5+ Kh7 {...Rf1 is the strong threat.} 53. Qh1+ Bh6 54. Qb7+ Kh8 (54... Bg7 $5) 55. Qc8+ Bf8 56. Ke3 Rf7 57. Qb8 c4 {White must now prevent ...Kh7.} 58. Kd4 b2 {Hoping for ...Rf1.} 59. Kxc4 Kh7 (59... Rf2 $11) 60. Qxb2 $14 Rc7+ 61. Kd5 Bg7 62. Qh2+ Kg8 63. g4 Re7 64. g5 Kf7 65. Qa2 Rd7+ $2 {[%mdl 8192]} (65... Kf8 $14) 66. Kc6+ $18 Ke7 67. Qe2+ Kd8 {[#]} 68. Qe6 $1 {[%csl Gc6][%cal Re6d7]} Rc7+ 69. Kb6 {Qg8+ would kill now.} Re7 (69... Bd4+ $142 70. Kb5 Rc5+ 71. Kb4 Rc7 72. Qd6+ Rd7 73. Qxg6 Bg7) 70. Qxg6 Kd7 {intending ...Re6+.} 71. Qc6+ Kd8 72. Qd5+ Ke8 73. Kc6 Kf8 74. Qd8+ Re8 75. Qd7 {White threatens g6 and mate.} Re7 76. Qc8+ Kf7 77. Qf5+ Kg8 78. Kd6 Re5 79. Qc8+ $2 (79. Qg6 $18) 79... Kf7 $14 80. Qd8 Kg6 81. Qd7 Rxg5 82. Qe8+ Kh7 83. Qe4+ Kg8 84. Qc4+ Kh7 85. Qh4+ Kg6 86. Qe4+ Kh6 87. Qh1+ Kg6 88. Qb1+ Kh6 89. Ke6 Rg6+ 90. Kf7 {[%csl Gf7][%cal Rb1g6]} Rf6+ 91. Ke7 Rf8 92. Qh1+ $1 Kg6 93. Qg2+ Kh7 94. Qh3+ Kg8 95. Qe6+ Kh7 96. Qe4+ Kg8 97. Qg6 Rf6 98. Qe8+ Rf8 99. Qh5 Rf6 100. Qd5+ Kh7 101. Qa8 Rf8 102. Qxf8 Bxf8+ 103. Kxf8 {Accuracy: White = 69%, Black = 78%.} 1/2-1/2

[Event "Elitserien Allsvenskan 2019-20"]
[Site "Lund"]
[Date "2020.01.31"]
[Round "6.8"]
[White "Tadjerbashi, Amir"]
[Black "Dragicevic, Drazen"]
[Result "1-0"]
[WhiteElo "2199"]
[BlackElo "2286"]
[Annotator "TA"]
[PlyCount "75"]
[EventDate "2019.10.18"]
[EventType "team-tourn"]
[EventCountry "SWE"]
[SourceTitle "playchess.com"]
[Source "ChessBase"]
[SourceQuality "1"]

{[%evp 22,75,22,18,10,0,0,2,17,0,0,0,0,0,39,0,0,0,0,0,89,77,76,37,154,142,264,178,251,112,269,264,272,285,259,281,297,291,938,961,958,951,929,914,1031,1018,1493,1493,1457,1365,1493,1486,5194,3270,29992,29993]} 1. e4 c5 2. Nf3 d6 3. d4 cxd4 4. Nxd4 Nf6 5. Nc3 Bd7 6. g3 Nc6 7. Bg2 g6 8. Nde2 Bg7 9. h3 O-O 10. O-O Rb8 11. a4 a6 12. Be3 b5 {B70: Sicilian Dragon: 6 g3 and 6 Be2 (without a later Be3)} 13. axb5 axb5 14. Nd5 Re8 {[#] The position is equal.} 15. Rb1 $146 ({Predecessor:} 15. Nef4 b4 16. Kh2 e6 17. Nxf6+ Bxf6 18. Qxd6 Be5 19. Qc5 Bxb2 20. Rab1 Bg7 21. Rfd1 {0-1 (46) Miroshnichenko,E (2610)-Eliseev,U (2606) Moscow 2016}) 15... b4 16. b3 Rb7 17. Qd2 Qb8 18. Rfd1 Nxd5 19. exd5 Na7 20. Bd4 Rc8 (20... Qc8 $11 {keeps the balance.}) 21. Bxg7 $16 Kxg7 22. Nd4 Rc3 ({Black should try} 22... Nb5 $14) 23. Re1 $1 {[%cal Re1e7]} Nc8 (23... Qe8 $16 24. Rbc1 f6) 24. Ra1 Rbc7 {[#]} (24... Ra7 $142 25. h4 h6) 25. Ra2 (25. Re4 $1 $18 {and the rest is easy.}) 25... Qb6 $2 {[#]} (25... Ra7 $16 26. Rea1 Qb6) 26. Re4 $1 $18 ({Less strong is} 26. Ra8 Ra7 $14) 26... f6 27. Rh4 {White wants to mate with Qh6+.} g5 28. Re4 Qc5 29. h4 Qxd5 $2 {[#]} (29... h6 30. Qe2 Kg6) 30. Rxe7+ $1 {[%mdl 576] Discovered Attack} Nxe7 31. Bxd5 Nxd5 32. hxg5 R3c5 33. Ra6 Kf7 34. Rxd6 Ke7 35. Ra6 Bc8 36. Qe2+ Kf7 37. Qh5+ Kg8 38. Rd6 {Accuracy: White = 73%, Black = 34%.} 1-0

[Event "Elitserien Allsvenskan 2019-20"]
[Site "Lund"]
[Date "2020.01.31"]
[Round "6.9"]
[White "Heberla, Bartlomiej"]
[Black "Christiansen, Johan-Sebastian"]
[Result "1/2-1/2"]
[WhiteElo "2564"]
[BlackElo "2600"]
[Annotator "TA"]
[PlyCount "82"]
[EventDate "2019.10.18"]
[EventType "team-tourn"]
[EventCountry "SWE"]
[SourceTitle "playchess.com"]
[Source "ChessBase"]
[SourceQuality "1"]

{[%evp 15,82,-19,4,-10,-7,-3,0,-2,-6,-7,-16,-12,18,-13,-22,-53,-60,-60,-16,-27,-8,-70,0,0,-35,-43,0,0,0,0,49,60,44,52,45,0,0,0,0,-143,-101,-61,-89,-121,0,0,0,0,0,0,0,0,0,0,0,0,0,0,0,0,0,0,0,0,0,-428,0,0,0]} 1. c4 e5 2. Nc3 Nc6 3. Nf3 Nf6 4. d4 exd4 5. Nxd4 Bb4 6. Bg5 h6 7. Bh4 Bxc3+ 8. bxc3 Ne5 9. Nb5 {A28: English Opening: Four Knights Variation} a6 10. Bxf6 $1 gxf6 11. Nd4 {[#]} d5 $146 ({Predecessor:} 11... d6 12. e4 c5 13. Nc2 Qa5 14. Qd2 Be6 15. Ne3 O-O-O 16. a4 Rhe8 17. Be2 f5 {1-0 (31) Schleifer,M (2240)-Southam,D (2270) Ontario 1992}) 12. cxd5 Qxd5 13. Qc2 Rg8 14. e4 (14. Qh7 $5 {[%cal Rh7g8]} Rf8 15. Qxh6 $14) 14... Qc5 15. f4 Nc6 16. Qd2 Bd7 (16... Be6 $5 17. f5 Bd7 $15) 17. Nb3 Qe7 {Threatening ...0-0-0.} 18. Qe3 (18. Bd3 $11) 18... Bf5 19. Nc5 b6 20. Kf2 Bc8 21. Nb3 $1 Bb7 22. Rd1 Nd8 (22... f5 $5) 23. Bd3 Ne6 24. Be2 a5 25. a4 Qa3 26. Bb5+ $1 Kf8 27. Bc4 (27. f5 $1 $11 {keeps the balance.} Qxb3 28. fxe6) 27... Qxa4 28. Bxe6 fxe6 29. Nd4 Ke7 ({Black should play} 29... c5 $17 30. f5 cxd4 31. Qxh6+ Rg7 32. Rxd4 Qe8 33. Qxf6+ Kg8) 30. Rhe1 $1 $11 Rad8 31. Qh3 $36 {[%mdl 2112] Double Attack. White has good play.} Qa2+ 32. Re2 Qc4 {...c5 is the strong threat.} 33. Qxh6 {aiming for Qh7+.} Rxd4 34. Rxd4 Rxg2+ $1 35. Kxg2 Qxe2+ {[%mdl 4160] Endgame Double Attack. KQR-KQB} 36. Kg3 Qe1+ 37. Kg4 Qe2+ 38. Kg3 {Threatening mate with Qg7+.} Qe1+ 39. Kg4 {White threatens Qg7+ and mate.} Qg1+ 40. Kh3 $2 {[%mdl 8192] [#]} (40. Kf3 $11 {and White has nothing to worry.} Qf1+ 41. Kg3 (41. Ke3 Qg1+ 42. Kd3 Qf1+ 43. Ke3 Qg1+ 44. Kf3 Qf1+ 45. Kg3 Qe1+ $11) 41... Qg1+ 42. Kf3 Qf1+ 43. Kg3 (43. Ke3 Qg1+ 44. Kf3 $11) 43... Qg1+ 44. Kf3) 40... Qf1+ $2 ({Better is} 40... Bxe4 $1 $19 {[%mdl 512] ( -> ...Bf5+)} 41. Rxe4 Qf1+ 42. Kh4 Qf2+ {[%mdl 64] Double Attack} 43. Kh3 Qf3+ 44. Kh4 Qxe4 45. Qg7+ Kd6 46. Qxf6 Kc6) 41. Kg3 {White wants to mate with Qh7+.} Qe1+ {Accuracy: White = 81%, Black = 73%.} 1/2-1/2

[Event "Elitserien Allsvenskan 2019-20"]
[Site "Lund"]
[Date "2020.01.31"]
[Round "6.10"]
[White "Balashov, Yuri S"]
[Black "Gdanski, Jacek"]
[Result "1/2-1/2"]
[WhiteElo "2465"]
[BlackElo "2482"]
[Annotator "TA"]
[PlyCount "47"]
[EventDate "2019.10.18"]
[EventType "team-tourn"]
[EventCountry "SWE"]
[SourceTitle "playchess.com"]
[Source "ChessBase"]
[SourceQuality "1"]

{[%evp 10,47,22,29,33,24,36,44,39,32,18,19,18,0,-8,-16,17,0,0,0,0,0,21,19,37,29,30,31,33,33,31,33,31,25,34,27,34,33,34,29]} 1. e4 e6 2. d4 d5 3. Nc3 Bb4 4. Nge2 Ne7 5. a3 Ba5 6. g3 dxe4 {C15: French: 3 Nc3 Bb4: Unusual White 4th moves} 7. b4 Bb6 8. Nxe4 a5 9. Bb2 axb4 10. axb4 Rxa1 11. Bxa1 (11. Qxa1 {feels hotter.} Qd5 12. Bg2 Qb5 13. Nd2 Qxb4 14. c4) 11... Nbc6 {[#]} 12. Bg2 $146 ({Predecessor:} 12. c3 e5 13. b5 Qd5 14. Qb1 Na7 15. Bg2 Bf5 16. dxe5 Qc4 17. Qb4 Qxb4 18. cxb4 Nxb5 {0-1 (57) Barrionuevo,P (2363)-Rodriguez Vila,A (2531) Villa Martelli 2008}) 12... e5 13. dxe5 Qxd1+ 14. Kxd1 Nxb4 15. Bd4 {Black should prevent Bxb6.} Bxd4 16. Nxd4 O-O 17. Kc1 Nf5 18. Rd1 Rd8 19. Nxf5 {[%cal Rd1d8] [#]} Rxd1+ 20. Kxd1 {Strongly threatening Ne7+.} Bxf5 21. Kd2 Kf8 22. f4 b6 23. c3 Na6 24. Ke3 {Accuracy: White = 100%, Black = 100%.} 1/2-1/2

[Event "Elitserien Allsvenskan 2019-20"]
[Site "Lund"]
[Date "2020.01.31"]
[Round "6.11"]
[White "Ornstein, Axel"]
[Black "Lindberg, Bengt"]
[Result "1-0"]
[WhiteElo "2284"]
[BlackElo "2401"]
[Annotator "TA"]
[PlyCount "121"]
[EventDate "2019.10.18"]
[EventType "team-tourn"]
[EventCountry "SWE"]
[SourceTitle "playchess.com"]
[Source "ChessBase"]
[SourceQuality "1"]

{[%evp 11,131,23,54,52,52,41,77,36,79,84,97,85,120,82,82,82,80,24,24,24,24,23,24,24,24,24,25,24,23,34,29,0,0,-22,0,0,0,0,37,0,27,0,41,45,60,59,79,79,79,79,79,90,87,87,95,83,79,79,75,35,53,18,23,13,13,11,35,43,108,101,128,82,130,133,135,134,192,136,350,338,304,309,285,157,154,128,131,131,164,164,214,169,370,366,352,348,334,317,333,353,1006,860,1301,1142,1570,1406,2280,2253,2012,2012,1520,1513,1513,1513,29975,12796,29986,29987,29987,29988,29987,29988]} 1. Nf3 Nf6 2. c4 c5 3. Nc3 e6 4. g3 b6 5. Bg2 Bb7 6. O-O a6 7. Re1 {A30: Symmetrical English: Double Fianchetto and Hedgehog} d5 8. cxd5 Nxd5 9. e4 {[#] White is better.} Nb4 $146 ({Predecessor:} 9... Nxc3 10. bxc3 c4 11. a4 Nd7 12. d4 cxd3 13. Qxd3 Nc5 14. Qb1 Qc7 15. Bf4 Bd6 16. Bxd6 Qxd6 {0-1 (43) Bacrot,E (2704)-Van Wely,L (2653) Calvi 2015}) 10. d4 cxd4 11. Nxd4 Be7 12. a3 N4c6 13. Nxc6 Nxc6 14. Nd5 ({White should play} 14. Be3 $16) 14... O-O $1 $11 15. Nxe7+ Qxe7 16. Be3 Rfd8 17. Qb3 b5 18. Bb6 Rd7 19. Red1 Ne5 20. Rxd7 Qxd7 21. Qc3 f6 22. Qc7 (22. Qb3 {seems wilder.} Nc4 23. Rd1 Qc6 24. Bd4 Rd8 25. Bc3) 22... Rc8 23. Qxd7 Nxd7 24. Ba5 Ne5 25. Rd1 Bc6 26. b3 Kf7 27. f4 Nd7 28. e5 $36 {[%mdl 2048] Threatens to win with Bxc6. Black is under pressure.} Nf8 29. Rc1 Bb7 30. Rxc8 Bxc8 31. exf6 gxf6 $16 {[%mdl 4096] Endgame KBB-KBN} 32. Kf2 e5 33. fxe5 fxe5 34. Ke3 Ne6 35. Bc3 Kf6 $1 36. b4 Nc7 37. h3 Be6 38. Bb2 Bd7 39. g4 h6 (39... Ne8 $14) 40. Bb7 {Black must now prevent Ke4.} Be8 41. h4 Bf7 42. Ke4 Bg6+ 43. Kf3 $1 Bc2 {[#]} (43... h5 $16) 44. Bc1 (44. Bc8 $1 $18) 44... h5 $2 (44... Bd1+ $16 45. Kg3 Kg7) 45. Bg5+ $18 ({Much less strong is} 45. gxh5 Bd1+ 46. Ke4 Bc2+ 47. Ke3 Bb3 $18) 45... Ke6 46. gxh5 Bd1+ 47. Kg3 ({White must play} 47. Ke4 $18) 47... Bxh5 $16 48. Bd8 Ne8 49. Bxa6 Nd6 {[#]} 50. Bc7 $1 {[%cal Rc7d6] Hoping for Bxd6.} Nf5+ 51. Kf2 Nd4 $2 (51... Be8) 52. Bb6 $18 Nc2 53. Bxb5 Nxa3 54. Bd3 Kd5 55. Be2 Bg6 $2 (55... Bxe2 56. Kxe2 e4) 56. h5 Bh7 57. b5 {[%cal Bb4b5,Bb5b6,Bb6b7][%mdl 32]} Nc4 58. Bc7 Na3 59. Bd8 Nc2 60. b6 Kc6 {[#]} 61. Bc4 {Played: Be2-b5} 1-0

[Event "Elitserien Allsvenskan 2019-20"]
[Site "Lund"]
[Date "2020.01.31"]
[Round "6.12"]
[White "Alle Wahlin, Ambjorn"]
[Black "Gajic, Mladen"]
[Result "1/2-1/2"]
[WhiteElo "2257"]
[BlackElo "2295"]
[Annotator "TA"]
[PlyCount "95"]
[EventDate "2019.10.18"]
[EventType "team-tourn"]
[EventCountry "SWE"]
[SourceTitle "playchess.com"]
[Source "ChessBase"]
[SourceQuality "1"]

{[%evp 17,95,17,60,72,72,53,66,64,61,65,66,47,55,54,48,56,54,23,31,23,37,32,32,33,45,45,97,54,39,37,47,35,34,19,16,7,16,10,16,16,16,16,20,2,12,12,94,95,95,95,102,72,140,61,141,139,142,0,98,61,115,55,131,0,127,135,136,0,14,0,7,0,0,0,0,0,0,0,0,0]} 1. c4 d6 2. Nc3 g6 3. g3 Bg7 4. Bg2 Nf6 5. d4 O-O 6. Nf3 c5 7. O-O Nc6 8. dxc5 dxc5 9. Be3 Nd7 10. Qc1 {E65: King's Indian: Fianchetto: 6...c5 7 0-0 without d5 by White} Qa5 11. Bh6 Nf6 12. Bxg7 {White is slightly better.} Kxg7 {[#]} 13. Rd1 $146 ({Predecessor:} 13. b3 Bg4 14. Qb2 Kg8 15. Rac1 Rad8 16. h3 Bc8 17. Rfd1 Rxd1+ 18. Rxd1 Rd8 19. Nd5 Nxd5 20. cxd5 {½-½ (75) Izoria,Z (2450)-Jobava,B (2480) Yerevan 2000}) 13... Be6 14. b3 Rad8 15. Qb2 Rxd1+ 16. Rxd1 Rd8 17. Rxd8 Qxd8 18. Ng5 Bd7 19. Nd5 b6 20. f4 h6 21. Ne4 Bf5 (21... Nb8 $14) 22. Nexf6 exf6 23. Kf2 Nb8 24. a3 Be6 25. Ne3 Qd6 26. Be4 Nd7 27. Bd5 a5 28. Qc3 Kf8 29. Kf3 h5 30. Qd3 f5 31. Qc3 f6 (31... Ke7 $11 {keeps the balance.}) 32. Bxe6 $16 Qxe6 33. Qd3 Kf7 34. Nd5 Nb8 {[#]} (34... Qd6 $142) 35. h3 (35. Nc7 $1 $16 {[%cal Rc7e6]} Qc6+ 36. Nd5) 35... Nd7 ({Black should play} 35... Qd6 $14) 36. Nc7 Qc6+ 37. Nd5 Qe6 38. e3 Nf8 ({Black should try} 38... Qd6 $14) 39. Ke2 (39. Nc7 $16 Qc6+ 40. Qd5+ Qxd5+ 41. cxd5 (41. Nxd5 Nd7 $14)) 39... Nd7 (39... Qc6 $14) 40. Kf3 Nf8 $1 {[#]} 41. Nc7 $1 {[%cal Rc7e6]} Qc6+ 42. Nd5 (42. Qd5+ $16 Qxd5+ 43. cxd5 (43. Nxd5 Nd7 $11)) 42... Ne6 {The position is equal.} 43. Ke2 Nc7 44. Nxc7 Qxc7 45. Qd5+ Ke7 46. Kf3 Qd6 {aiming for ...Qxd5+.} 47. Qxd6+ Kxd6 48. a4 {Accuracy: White = 79%, Black = 75%.} 1/2-1/2

[Event "Elitserien Allsvenskan 2019-20"]
[Site "Lund"]
[Date "2020.01.31"]
[Round "6.13"]
[White "Lukez, Franko"]
[Black "Rydstrom, Tom"]
[Result "0-1"]
[WhiteElo "2324"]
[BlackElo "2248"]
[Annotator "TA"]
[PlyCount "52"]
[EventDate "2019.10.18"]
[EventType "team-tourn"]
[EventCountry "SWE"]
[SourceTitle "playchess.com"]
[Source "ChessBase"]
[SourceQuality "1"]

{[%evp 9,52,-19,-16,-29,-7,-24,-4,-11,47,40,60,-43,-10,-22,14,-60,-65,-79,-42,-57,-60,-63,-43,-66,0,0,0,0,0,0,12,7,8,12,80,-6,0,0,100,21,20,-235,-228,-29992,-29993]} 1. Nf3 d5 2. g3 Nc6 3. Bg2 e5 4. d3 Be6 5. Nbd2 Qd7 6. Ng5 {A07: Réti Opening: New York and Capablanca Systems} Bg4 7. h3 Bh5 {[#]} 8. c4 $146 {The position is equal.} ({Predecessor:} 8. c3 O-O-O 9. Qa4 Kb8 10. g4 Bg6 11. c4 Be7 12. Nb3 h6 13. Bxd5 hxg5 14. Be3 Bb4+ 15. Kf1 Nf6 16. a3 Nxd5 17. Bxa7+ Nxa7 18. axb4 Qxa4 19. Rxa4 Nf4 {0-1 (19) Blaeser,R (1950)-Bjarnason,O (2212) Luxembourg 2014}) 8... Nge7 (8... dxc4 $11 9. Nxc4 Nge7) 9. cxd5 $1 $14 Nxd5 10. a3 (10. Bxd5 $14 Qxd5 11. e4 {[%mdl 64] Discovered Attack}) 10... h6 $36 {[%mdl 2048] Black has good play.} (10... Be7 $5 {[%cal Re7g5]} 11. Nc4 O-O-O $11) 11. Ngf3 O-O-O 12. Nc4 ({White should try} 12. Qc2 $1 $11) 12... Qe6 $15 {aiming for ...e4.} 13. Qa4 Kb8 14. Na5 Nxa5 15. Qxa5 f5 16. O-O g5 (16... Bxf3 $15 17. Bxf3 e4) 17. e4 $1 $11 {[%cal Re4d5]} fxe4 18. dxe4 Bxf3 19. Bxf3 Nf6 20. Be3 b6 21. Qc3 g4 {[#]} (21... Qxh3 $11 22. Qxe5 Bd6) 22. Rfc1 ({White should play} 22. Rac1 $1 $16 Bd6 23. Be2) 22... Bd6 23. Be2 $1 Qd7 {[#]} (23... gxh3 $11 24. Qc6 Qc8) 24. a4 (24. h4 $1 $16) 24... gxh3 25. Bb5 $2 {[%mdl 8192]} (25. a5 $11 {and White has nothing to worry.}) 25... Qg4 $19 {Threatens to win with ...h5.} ({Avoid the trap} 25... Nxe4 $2 26. Qc2 $18) 26. Bc6 $2 (26. Bf1 $19 Nxe4 27. Qc4) 26... Qf3 {Accuracy: White = 52%, Black = 55%.} 0-1